Report of the secretary of the Senate : (Record no. 793308)

MARC details
000 -LEADER
fixed length control field 01239namaa2200325 a 4500
001 - CONTROL NUMBER
control field vtls000971273
003 - CONTROL NUMBER IDENTIFIER
control field NLI
005 - DATE AND TIME OF LATEST TRANSACTION
control field 20210627095158.0
008 - FIXED-LENGTH DATA ELEMENTS--GENERAL INFORMATION
fixed length control field 120209s1968 dcua i001 0 eng
039 #9 - LEVEL OF BIBLIOGRAPHIC CONTROL AND CODING DETAIL [OBSOLETE]
-- 201202091813
-- VLOAD
040 ## - CATALOGING SOURCE
Original cataloging agency NLI
Transcribing agency VTLS-2010_FOD
Description conventions AACR2
041 0# - LANGUAGE CODE
Language code of text/sound track or separate title eng
044 ## - COUNTRY OF PUBLISHING/PRODUCING ENTITY CODE
MARC country code dcu
082 04 - DEWEY DECIMAL CLASSIFICATION NUMBER
Classification number 328.73
110 1# - MAIN ENTRY--CORPORATE NAME
Corporate name or jurisdiction name as entry element United States.
Subordinate unit Congress
Number of part/section/meeting (90th, 2nd session :
Date of meeting or treaty signing 1967, July 1-December 30)
Subordinate unit Senate
9 (RLIN) 909762
245 10 - TITLE STATEMENT
Title Report of the secretary of the Senate :
Remainder of title from July 1, 1967, to December 31, 1967 /
Statement of responsibility, etc. House, 90th Congress, 2nd session, United States
260 ## - PUBLICATION, DISTRIBUTION, ETC.
Place of publication, distribution, etc. Washington,D.C. :
Name of publisher, distributor, etc. United States Government Printing Office,
Date of publication, distribution, etc. 1968
300 ## - PHYSICAL DESCRIPTION
Extent iv, 587 p. :
Other physical details ill. ;
Dimensions 23 cm.
440 #0 - SERIES STATEMENT/ADDED ENTRY--TITLE
Title Senate document ;
Volume/sequential designation no. 67
9 (RLIN) 706427
500 ## - GENERAL NOTE
General note Document no. 67
500 ## - GENERAL NOTE
General note Includes index
610 10 - SUBJECT ADDED ENTRY--CORPORATE NAME
Corporate name or jurisdiction name as entry element United States.
Subordinate unit Congress.
-- Senate
General subdivision Appropriations and expenditures
9 (RLIN) 907277
651 #0 - SUBJECT ADDED ENTRY--GEOGRAPHIC NAME
Geographic name United States
General subdivision Appropriations and expenditures
710 2# - ADDED ENTRY--CORPORATE NAME
Corporate name or jurisdiction name as entry element United States.
Subordinate unit Government Printing Office
Relationship pbl
887 ## - NON-MARC INFORMATION FIELD
Content of non-MARC field
901 ## - LOCAL DATA ELEMENT A, LDA (RLIN)
a AD 40379
b 20.12.1971
902 ## - LOCAL DATA ELEMENT B, LDB (RLIN)
a U.S 328.73 Un 3(90th Cong. 2nd sess.) S.D. no. 67
949 ## - LOCAL PROCESSING INFORMATION (OCLC)
-- VIRTUAITEM
-- 10000
-- 100
6 ADX000040379ENG
942 ## - ADDED ENTRY ELEMENTS (KOHA)
Source of classification or shelving scheme Dewey Decimal Classification
Koha item type Books
Holdings
Withdrawn status Lost status Damaged status Not for loan Collection code Home library Current library Shelving location Date acquired Total Checkouts Full call number Barcode Date last seen Price effective from Koha item type
          National Library of India National Library of India       U.S 328.73 Un 3(90th Cong. 2nd sess.) S.D. no. 67 ADX000040379ENG 27/06/2021 27/06/2021 Books
                                                                           
web counter

Copyright ©2020 The National Library of India, Govt. of India ↔ Hosted by NVLI, MOC ↔ Technology and Design by National Library of India, Ministry of Culture, Govt. of India